Кинофильмы по их аннотациям 2 - Statistics

General Stats
  • This quiz has been taken 17 times
  • The average score is 12 of 30
Answer Stats
Аннотация Кинофильм % Correct
Богатая многодетная американская семья планирует дальнее путешествие на Рождество, но в самый последний момент случайно забывает младшего члена семейства, и в тот же самый день двое нищих скряги планируют ограбление их жилища Один дома
93%
Балансирующая на грани полной нищеты большая южнокорейская семья через сына попадает в прислугу богатого дома зажиточной семьи, делая вид, что никто из них друг с другом даже не знаком, и в один день чета богатеев уезжает, оставляя ключи от дома одному из членов семьи бедняков, чем те все и пользуются, но подвал дома при этом тоже носит в себе тайну Паразиты
71%
Скромного государственного служащего в СССР награждают путёвкой в Турцию на круизном лайнере, и на одной из улиц он случайно подскальзывается и думает, что ломает руку при падении, после чего двое местных случайных прохожих в помещении рядом накладывают ему гипс и бинты, куда прячут какие-то драгоценности Бриллиантовая рука
71%
Американская ученица старшей школы, не пользующаяся популярностью у сверстников, встречает в классе таинственного новичка-красавца, который однажды спасает её от казалось бы неминуемой гибели под колёсами неуправляемого автомобиля, не получив при этом никаких повреждений Сумерки
64%
Подросток проходит все ужасы нацистской оккупации, приобретая стойкую ненависть к войне и тем, кто её развязывает Иди и смотри
64%
Полицейский в ходе облавы на преступный клан матёрых садистов получает тяжелейшие, не совместимые с жизнью ранения по всему телу, кроме головы, и волею случая попадает под экспериментальную государственную программу кибернетизации: его голову крепят к сверхпрочному металлическому туловищу, но при этом он теряет память и многие характеристики личности Робокоп
50%
Скромный мужчина похитил дорогую машину зятя партработника, дабы продать ту и пожертвовать денег детскому дому Берегись автомобиля
50%
В Москву по приглашению на работу гражданским лётчиком и за возможным любовным интересом приезжает грузинский вертолётчик-ас, но буквально за два дня оказывается на обочине жизни вместе со своим новым другом - предпринимателем из Армении Мимино
50%
В Великобритании четверо друзей, промышлявших до этого мелким мошенничеством, открывают бар, однако один из них проигрывает крупную сумму залога в карты местной мафии Карты, деньги, два ствола
50%
История тонкой и нежной любви двух старших подростков в СССР, которой пытаются препятствовать взрослые Вам и не снилось
50%
Двое беглых преступников шестидесятых дабы скрыться от правосудия переодеваются женщинами из бродячего джазового оркестра, возглавляемого импозантной красоткой-блондинкой Некоторые любят погорячее
50%
В мире существует сверх-тайная организация по контролю контактов человечества с внеземными цивилизациями Люди в чёрном
50%
Серия фильмов об учёном-культурологе, который не боится опасностей, и готов с места в карьер пуститься для того, чтобы добыть бесценные исторические артефакты Индиана Джонс
50%
История о крайне непростых любовных взаимоотношениях между строгой неказистой начальницей и её мнительным чудаковатым подчинённым Служебный роман
50%
Учёный-компьютерщик собирает у себя в гараже устройство, способное оцифровывать человека из реальности в виртуальный мир, и по случайному стечению обстоятельств первым из нашего мира туда попадает чернорабочий с задержкой в психическом развитии Газонокосильщик
36%
Медик-аристократ начала XX века вызволяет из лап толпы в цирке уродов мужчину со слоновьей болезнью, способного к наукам и искусствам Человек-слон
36%
Под программу криогенной гибернации на 50 лет попадают уборщица и библиотекарь из военного ведомства, и после вскрытия из капсул они оказываются в отупевшей от рекламы и повсеместных нехитрых развлечений Америке будущего, где для продвижения в элиту общества хватает знаний начальной школы Идиократия
36%
Рыцари Круглого Стола объединяются в замке Камелот ради полных нелепых и абсурдных ситуаций дальних странствий в поисках ветхозаветного артефакта Монти Пайтон и Священный Грааль
29%
В конце XIX - начале XX века не вполне здоровый психически и физически хирург через слуг находит беременную утопленницу с ещё живым плодом внутри, мозг которого решают пересадить уже мёртвому телу её матери для дикого эксперимента Бедные-несчастные
29%
Кубинский иммигрант во Флориду выстраивает себе путь "по головам" с самых низов к вершине кокаинового преступного бизнеса в Америке восьмидесятых Лицо со шрамом
29%
Рок-музыкант-неудачник устраивается работать педагогом в престижное музыкальное училище Школа рока
29%
Одним утром в дом к нищему безработному маргиналу-ветерану Вьетнамской войны, который только и делает, что живёт на пособие и ходит с двумя бывшими сослуживцами в боулинг, вваливается толпа непонятного вида преступников и требует с него крупную сумму денег, которой у него на руках, естественно, нет, ставя ему условие добыть деньги в ближайшие дни под угрозой кастрации Большой Лебовски
21%
В Японии кинопродюсер приглашает своего одинокого друга на кастинг молодых актрис для фильма, одна из которых привлекает к себе внимание своей загадочностью и скромностью, да так, что друг за ней увязывается Кинопроба
21%
Банда мужчин в смокингах, условно называющих себя разными цветами, грабит крупный банк, однако далеко не всё идёт по плану, ведь кто-то из них оказался предателем и предупредил копов перед ограблением Бешеные псы
21%
В грузинском городе хоронят высокопоставленного чиновника, чей семейный клан на фоне местных живёт, мягко скажем, очень не бедно, однако на следующий день его тело обнаруживают эксгумированным в саду семейной усадьбы, прислонённым к дереву, и подобное повторяется дальше изо дня в день - кто-то мстит семье Покаяние
14%
Священник спасает бросившегося на рельсы метро учёного и приводит в свою квартиру, где они беседуют о сложных философских вопросах бытия Вечерний экспресс "Сансет-Лимитед"
14%
Неуклюжий британец прилетает в гости к семье своего американского друга-искусствоведа, и на одной выставке портит дорогую картину, пытаясь это как-то исправить Мистер Бин
14%
Молодая супружеская пара приезжает в американскую глушь к родственникам жены, и кроткий интеллигентный муж сразу воспринимается местными городским лопухом, а его супругу через травлю местные молодые парни, с которыми она росла, начинают травить и склонять к измене, оба получают угрозы в свой адрес, но продолжают держаться друг за друга Соломенные псы
7%
В Америке семидесятых одним жарким летним днём трое мужчин решают ограбить мелкое отделение банка на окраине Нью-Йорка, однако всё практически сразу идёт не по плану, так как денег ни в хранилище, ни на бумажных счетах практически нет, но сами заложники даже больше рады подобному положению вещей из-за внепланового выходного, один из грабителей почти сразу сбегает от своих подельников, и условный мозг операции лишь привлекает с улицы своими действиями полицию и общественность, что приводит к большому резонансу Собачий полдень
7%
На штурмовое подразделение американской солдатни во Вьетнаме происходит вероломное нападение неизвестных сил, на что обороняющиеся реагируют крайне экспрессивно и хаотично, и это событие крайне сильно отпечатывается в сознании одного из сержантов, в гражданской жизни являющегося учёным-литературоведом из Нью-Йорка Лестница Иакова
7%
No matching quizzes found
Score Distribution
Percent of People with Each Score
Percentile by Number Answered
Your Score History
You have not taken this quiz